La cuestión de las cuestiones (Record no. 141498)

MARC details
000 -LEADER
campo de control de longitud fija 00720nam a2200193 i 4500
001 - NÚMERO DE CONTROL
campo de control 141498
003 - IDENTIFICADOR DE NÚMERO DE CONTROL
campo de control ES-MaACL
005 - FECHA Y HORA DE LA ÚLTIMA TRANSACCIÓN
campo de control 20240207200422.0
007 - CAMPO FIJO DE DESCRIPCIÓN FÍSICA--INFORMACIÓN GENERAL
campo de control de longitud fija t|
008 - DATOS DE LONGITUD FIJA--INFORMACIÓN GENERAL
campo de control de longitud fija 070925s1909 sp ||||1| spa d
100 1# - ENTRADA PRINCIPAL--NOMBRE DE PERSONA
Nombre de persona Villegas, Baldomero.
9 (RLIN) 115202
245 13 - MENCIÓN DEL TÍTULO
Título La cuestión de las cuestiones
Resto del título : discurso leído en el Ateneo de Valladolid en el aniversario de la muerte de Cervantes /
Mención de responsabilidad, etc. Baldomero Villegas.
260 ## - PUBLICACIÓN, DISTRIBUCIÓN, ETC.
Lugar de publicación, distribución, etc. [Valladolid] :
Nombre del editor, distribuidor, etc. Tip. del Colegio de Santiago,
Fecha de publicación, distribución, etc. 1909.
300 ## - DESCRIPCIÓN FÍSICA
Extensión VII, 9-31 p. ;
Dimensiones 21 cm.
600 #0 - PUNTO DE ACCESO ADICIONAL DE MATERIA--NOMBRE DE PERSONA
Nombre de persona Cervantes Saavedra, Miguel de,
Fechas asociadas al nombre 1547-1616-
Calificador de atribución Aniversarios y centenarios
9 (RLIN) 221674
710 2# - ENTRADA AGREGADA--NOMBRE DE ENTIDAD CORPORATIVA
Nombre de entidad corporativa o nombre de jurisdicción como elemento de entrada Ateneo de Valladolid.
9 (RLIN) 2031
852 ## - LOCALIZACIÓN
Ubicación ES-MaACL
Número de control de estantería T-1173-F-5
Holdings
Estatus retirado Estado de pérdida Estado de daño No para préstamo Colección Biblioteca de origen Biblioteca actual Ubicación en estantería Fecha de adquisición Fuente de adquisición Total de préstamos Signatura topográfica completa Código de barras Visto por última vez Precio de reemplazo Tipo de ítem Koha
        Colección de folletos Biblioteca del Ateneo de Madrid Biblioteca del Ateneo de Madrid Depósito folletos 17/01/2008     T-1173-F-5 1147232 23/02/2023 23/02/2023 Folleto